000 00735nam a2200229 a 4500
001 74019
003 BD-RjUL
005 20211209082458.0
008 171227s2010 ir |||| |||| 000 0 eng d
020 _a9789645296900
035 _a(BD-RjUL)74237
040 _aBD-RjUL
_beng
_cBD-RjUL
041 _aeng
082 _223
_a297.633
_bYAJ 2010
100 _a Yazdī , Muḥammad Taqī Miṣbāḥ
_978569
245 1 0 _aJourney of love : an exposition of the Miraj tradition /
_cMuḥammad Taqī Miṣbāḥ Yazdī; Iraj Razzaqi
260 _aIran :
_bABWA ,
_c2010
300 _a181 pages ;
_c24 cm.
600 _aMuḥammad, -- Prophet
_xIsrāʼ and Miʻrāj.
_y632 --
_9219923
700 _a Razzaqi , Iraj
_9219922
942 _2ddc
_cBK
999 _c74019
_d74019